[Event "80th ARM-ch 2020"]
[Site "Yerevan"]
[Date "2020.01.15"]
[Round "4.3"]
[White "Martirosyan, Haik M."]
[Black "Ter-Sahakyan, Samvel"]
[Result "1/2-1/2"]
[WhiteElo "2613"]
[BlackElo "2617"]
[Annotator "TA"]
[PlyCount "65"]
[EventDate "2020.01.12"]
[EventType "tourn"]
[EventCountry "ARM"]
[SourceTitle "playchess.com"]
[Source "ChessBase"]
[SourceQuality "1"]

{[%evp 19,65,-27,0,0,0,-12,0,-25,10,10,11,14,0,0,22,0,-1,-28,0,-63,-53,-58,-70,-52,-37,-39,-39,-40,-7,-9,-9,-7,-9,-91,-91,-88,-91,-87,0,0,0,0,0,0,0,0,0,0]} 1. e4 c5 2. Nf3 Nc6 3. d4 cxd4 4. Nxd4 Nf6 5. Nc3 e5 6. Ndb5 d6 7. a4 a6 8. Na3 Be6 9. Nc4 Rc8 10. Ne3 Nb4 11. Bd3 {B32: Sicilian: Löwenthal and Kalashnikov Variations} (11. Be2 d5 12. exd5 Nfxd5 13. Ncxd5 Nxd5 {½-½ (13) Bologan,V (2585)-Fedorov,A (2600) Timisu de Sus 1998}) 11... Be7 12. O-O O-O 13. Qe2 Nxd3 (13... Nd7 {with more complications.} 14. Qd1 Bg5 15. Be2 Nf6 16. Bf3 Re8) 14. Qxd3 Qc7 15. Rd1 $146 ({Predecessor:} 15. Bd2 h6 16. b3 Rfd8 {0-1 (75) Fernandez Garcia,J (2457)-Alonso Bouza,J (2266) Havana 2009}) 15... Rfd8 16. Bd2 h6 17. b3 d5 18. exd5 Bb4 {[%cal Rb4c3]} 19. Ne4 (19. Qc4 $11 Qe7 20. Qe2) 19... Nxd5 $15 20. Nxd5 Rxd5 21. Qf3 $1 Bxd2 22. c4 Rd4 23. Rxd2 b5 (23... Rcd8 {feels hotter.} 24. Rxd4 Rxd4 25. Rd1 b5 26. Rxd4 exd4 27. Nd2 bxc4 28. Qa8+ Kh7) 24. Rxd4 exd4 25. axb5 axb5 26. Nd2 (26. cxb5 $11 Qc1+ 27. Qd1 Qxd1+ 28. Rxd1) 26... bxc4 $17 27. bxc4 Bxc4 28. Qe4 Qd8 (28... Qc5 $17 {And now ...Bd5 would win.} 29. Nxc4 Qxc4) 29. Nxc4 $11 {The position is equal.} Rxc4 30. g3 g6 {[#]} 31. Ra8 $1 {[%mdl 512]} Rc8 32. Rxc8 Qxc8 33. Qxd4 {Accuracy: White = 60%, Black = 50%.} 1/2-1/2

[Event "80th ARM-ch 2020"]
[Site "Yerevan"]
[Date "2020.01.15"]
[Round "4.4"]
[White "Gabuzyan, Hovhannes"]
[Black "Hovhannisyan, Robert"]
[Result "0-1"]
[WhiteElo "2585"]
[BlackElo "2641"]
[Annotator "TA"]
[PlyCount "52"]
[EventDate "2020.01.12"]
[EventType "tourn"]
[EventCountry "ARM"]
[SourceTitle "playchess.com"]
[Source "ChessBase"]
[SourceQuality "1"]

{[%evp 9,52,0,10,0,0,0,0,0,0,0,0,-34,-33,-25,-31,-53,-34,-39,-33,-40,-26,-197,-189,-199,-197,-196,-185,-182,-193,-233,-121,-576,-576,-576,-573,-833,-835,-812,-810,-814,-798,-999,-990,-5106,-4577]} 1. c4 e5 2. a3 c6 3. Nf3 e4 4. Nd4 Nf6 5. Nc3 d5 6. cxd5 {A20: English Opening: 1...e5} Bc5 7. Nb3 Bb6 8. d3 {The position is equal.} exd3 9. Qxd3 O-O {[%cal Rf6d5]} 10. Bf4 $146 ({Predecessor:} 10. Na4) 10... Nxd5 11. Nxd5 cxd5 12. Bxb8 Rxb8 13. e3 Qg5 14. Nd4 Re8 15. g3 $2 (15. h4 $11 Qf6 16. Be2) 15... Qf6 $1 $19 {Strongly threatening ...Bxd4.} 16. Rd1 Bxd4 $1 17. Qxd4 Qf3 18. Rg1 Bg4 19. Ra1 {[#]} Rbc8 $40 {[%mdl 128] Black goes for the king.} (19... Re4 $1 $19 {[%cal Re4d4][%mdl 512]} 20. Qd3 Rbe8) 20. Qd3 $2 {[%mdl 8192]} (20. Qf4 $17 {nothing else works.}) 20... Qf6 {Black is clearly winning.} 21. Be2 Qxb2 22. Rd1 Bxe2 23. Qxe2 Rc2 24. Qf3 {[#]} Re6 $1 {( -> ...Rf6)} 25. Rxd5 Rc1+ 26. Rd1 Rd6 {Accuracy: White = 24%, Black = 73%.} 0-1

[Event "80th ARM-ch 2020"]
[Site "Yerevan"]
[Date "2020.01.15"]
[Round "4.5"]
[White "Andriasian, Zaven"]
[Black "Gharibyan, Mamikon"]
[Result "1/2-1/2"]
[WhiteElo "2611"]
[BlackElo "2381"]
[Annotator "TA"]
[PlyCount "120"]
[EventDate "2020.01.12"]
[EventType "tourn"]
[EventCountry "ARM"]
[SourceTitle "playchess.com"]
[Source "ChessBase"]
[SourceQuality "1"]

{[%evp 11,120,14,16,15,14,9,12,-11,8,0,2,0,0,4,0,-22,-16,-81,-81,-84,-77,-75,-72,-87,-72,-59,-61,-95,-96,-100,-100,-100,-75,-90,-86,-80,-78,-88,-95,-103,-71,-83,-89,-120,-111,-168,-116,-117,-117,-113,-103,-91,-105,-104,-82,-83,-75,-76,-84,-68,-73,-125,-79,-104,-106,-112,-104,-143,-141,-145,-145,-142,-142,-136,-139,-137,-120,-127,-91,-108,-96,-97,-85,-98,-26,-41,-39,-39,-47,-47,-36,-78,0,0,0,0,0,0,0,0,0,0,0,0,0,0,0,0,0,0,0]} 1. e4 e5 2. Nf3 Nc6 3. Bb5 a6 4. Ba4 Nf6 5. d3 Bc5 6. Bxc6 dxc6 7. Nbd2 {C77: Ruy Lopez: 3...a6 4 Ba4 Nf6, unusual lines} (7. h3 O-O 8. O-O Re8 9. c3 Nd7 10. d4 Bd6 11. Qc2 f6 12. Nbd2 Qe7 13. Re1 Nf8 14. dxe5 fxe5 {½-½ (48) Fedoseev,V (2683)-Yu,Y (2739) Hengshui 2019}) 7... O-O 8. Nc4 Re8 9. Ne3 $146 ({Predecessor:} 9. Bg5 h6 10. Bh4 Bg4 11. h3 Bxf3 12. Qxf3 Re6 13. g4 b5 14. Ne3 Bxe3 15. fxe3 {1-0 (37) Kantane,A (2243)-Matosec,T (2123) Deutschlandsberg 2018}) 9... Bf8 10. h3 Nd7 11. g4 Nc5 12. Rg1 f6 $36 {[%mdl 2048] White is under pressure.} 13. g5 f5 14. exf5 (14. Nxf5 $11 Bxf5 15. exf5) 14... e4 $17 15. dxe4 Qxd1+ 16. Kxd1 {White wants to play e5.} Nxe4 17. Ke1 Nd6 (17... Bxf5 $6 18. Nxf5 Nxg5+ 19. Kd1 $11) 18. f6 Bxh3 19. Bd2 {[#]} Ne4 $1 20. Bc3 Nxc3 21. bxc3 Bf5 22. Rd1 Bc5 23. Nd4 Bg6 24. fxg7 Kxg7 25. Kf1 Re5 26. Ng4 Re7 27. Nf6 Bd6 28. Rd2 (28. Nf3 $17) 28... Bf4 ({Black should try} 28... h6 $19 29. f4 hxg5 30. Nh5+ Kh6) 29. Nf5+ Bxf5 30. Nh5+ Kf7 31. Nxf4 Re4 32. Ng2 Kg6 33. f3 Rc4 34. Kf2 Rf8 35. Re2 Bh3 36. Re3 (36. Ne3 $142 Rxc3 37. Rh1) 36... Rd8 37. Kg3 Bxg2 $1 38. Rxg2 Kxg5 {[%mdl 4096] Endgame KRR-KRR} 39. Rh2 Rd7 40. Re6 {Reh6 would kill now.} Kf5 (40... Rxc3 $2 41. Reh6 $18) 41. Rhe2 {[%csl Ge6][%cal Re2e5]} Rg7+ 42. Kf2 {[#]} Rc5 $1 (42... Rxc3 $6 43. R2e5+ Kf4 44. Re4+ Kg5 45. R4e5+ Kf4 46. Re4+ Kg5 47. R4e5+ Kf4 $11) 43. R2e4 h5 ({Much worse is} 43... Rxc3 $6 44. R4e5+ Kf4 45. Re4+ Kg5 46. R4e5+ Kf4 47. Re4+ Kg5 48. R4e5+ Kf4 $11) 44. c4 Rd7 45. Ke3 Ra5 46. a4 Rh7 47. Re8 Kg5 ({Reject} 47... Rxa4 $6 48. R4e5+ Kf6 49. R8e6+ Kg7 50. Re7+ Kh8 51. Re8+ Kg7 52. R8e7+ Kg6 53. R5e6+ Kf5 54. Re5+ Kg6 55. R5e6+ Kf5 56. Re5+ Kg6 $11) (47... Rg7 $17 48. Rb8 b6 49. Rf8+ Kg6 50. Re6+ Kg5 51. Rxc6 Rxa4 52. f4+ Kg4) 48. f4+ Kf6 49. R4e6+ Kf5 50. Kf3 h4 51. Re1 {next Rf8+ is good for White.} Rf7 ({Wrong is} 51... Rxa4 $2 52. Rf8+ Rf7 53. Rxf7+ $18) (51... Rg7 $17 {Threatens to win with ...Rg3+.} 52. Rf8+ Kg6 53. Rg1+ Kh7) 52. R1e5+ {The position is equal.} Rxe5 53. Rxe5+ $11 {KR-KR} Kg6 54. Rg5+ Kf6 {aiming for ...Rh7.} 55. Rh5 Rd7 56. Ke3 Rd1 57. Rxh4 Ra1 58. Rh7 Rxa4 59. Rxc7 Rxc4 {...b5 is the strong threat.} 60. Rxb7 Rxc2 {Accuracy: White = 66%, Black = 62%.} 1/2-1/2

[Event "80th ARM-ch 2020"]
[Site "Yerevan"]
[Date "2020.01.16"]
[Round "5.1"]
[White "Gharibyan, Mamikon"]
[Black "Gabuzyan, Hovhannes"]
[Result "1/2-1/2"]
[WhiteElo "2381"]
[BlackElo "2585"]
[Annotator "TA"]
[PlyCount "50"]
[EventDate "2020.01.12"]
[EventType "tourn"]
[EventCountry "ARM"]
[SourceTitle "playchess.com"]
[Source "ChessBase"]
[SourceQuality "1"]

{[%evp 17,50,35,46,32,52,34,39,13,34,11,17,-11,35,32,41,33,49,49,49,49,49,49,49,49,50,45,45,40,45,12,14,14,14,14,15]} 1. d4 Nf6 2. c4 g6 3. Nc3 Bg7 4. e4 d6 5. Be2 O-O 6. Be3 Nbd7 7. Nf3 e5 8. d5 Ng4 9. Bg5 f6 10. Bd2 {E93: King's Indian: Classical: Petrosian System with 7...Nbd7} (10. Bh4 a5 11. Nd2 Nh6 12. f3 Nf7 13. Qc2 Nc5 14. O-O Bh6 15. Kh1 Bd7 16. b3 Kg7 17. Rab1 Na6 18. a3 c5 19. dxc6 bxc6 {½-½ (31) Giri,A (2780)-Rapport,R (2725) Douglas 2018}) 10... a5 11. h3 Nh6 12. Qc1 {White is slightly better.} Nf7 13. g4 Nc5 14. Rg1 Kh8 15. Qc2 $146 ({Predecessor:} 15. h4 Bd7 {1-0 (46) Dickhoff,R (2123)-Hellwege,W (2000) Dresden 2010}) 15... f5 16. Be3 ({Of course not} 16. exf5 gxf5 17. gxf5 Qf6 $15) 16... f4 17. Bxc5 $1 dxc5 18. h4 h6 $1 19. h5 g5 20. Nd2 Bd7 21. a4 Re8 22. f3 Bf8 23. Kf2 Ra6 {The position is equal.} 24. Rgd1 Bd6 25. Kg2 Qe7 {Accuracy: White = 62%, Black = 54%.} 1/2-1/2

[Event "80th ARM-ch 2020"]
[Site "Yerevan"]
[Date "2020.01.16"]
[Round "5.2"]
[White "Hovhannisyan, Robert"]
[Black "Pashikian, Arman"]
[Result "1-0"]
[WhiteElo "2641"]
[BlackElo "2605"]
[Annotator "TA"]
[PlyCount "75"]
[EventDate "2020.01.12"]
[EventType "tourn"]
[EventCountry "ARM"]
[SourceTitle "playchess.com"]
[Source "ChessBase"]
[SourceQuality "1"]

{[%evp 16,75,36,-6,0,-16,0,0,0,0,0,0,0,0,0,0,0,0,17,16,9,22,26,20,50,31,43,33,45,45,46,21,19,26,128,25,26,34,93,81,79,93,94,94,210,210,693,690,1106,1088,1220,1185,1108,1047,1031,1010,1100,1087,1050,1006,1072,977]} 1. e4 e5 2. Nf3 Nc6 3. Bb5 Nf6 4. O-O Nxe4 5. d4 Nd6 6. Bxc6 dxc6 7. dxe5 Nf5 8. Qxd8+ Kxd8 9. h3 Bd7 {C67: Ruy Lopez: Berlin Defence: 4 0-0 Nxe4} 10. Rd1 Be7 11. g4 Nh4 {The position is equal.} 12. Nxh4 Bxh4 13. Nd2 Kc8 14. Nf3 $36 {[%mdl 2048] White has good play.} Be7 15. Bg5 Bc5 16. Rd3 b6 (16... Be6 {seems wilder.} 17. Be3 Bxe3 18. Rxe3 h5 19. Nd4 Kd7) 17. Be3 Bxe3 18. Rxe3 {[#]} h6 $146 19. Rd1 c5 20. Nh4 $1 Be6 21. f4 Rd8 22. Rxd8+ Kxd8 $14 {[%mdl 4096] Endgame KRB-KRN} 23. a3 Ke7 24. f5 Bd5 {[#]} (24... Bd7 $11) 25. Kf2 ({Better is} 25. f6+ $1 $16 {[%mdl 512]} gxf6 26. Nf5+ {[%mdl 64] Double Attack} Ke6 27. Ng7+ Kd7 28. exf6) 25... Rg8 26. Kg3 g5 {[#]} (26... g6 $14) 27. f6+ $1 $16 Ke6 28. Nf5 {And now Ng7+ would win.} Rh8 29. h4 Kd7 {[#]} (29... b5 $16) 30. Re2 $1 $18 h5 $2 (30... Bc4 31. Rh2 Re8) 31. hxg5 {White is clearly winning.} hxg4 32. Rd2 Rh1 33. Rxd5+ Ke6 34. Ne7 Rg1+ 35. Kf4 g3 36. Rd2 g2 37. Kg3 Kxe5 38. Rxg2 {Accuracy: White = 78%, Black = 29%.} 1-0

[Event "80th ARM-ch 2020"]
[Site "Yerevan"]
[Date "2020.01.16"]
[Round "5.3"]
[White "Ter-Sahakyan, Samvel"]
[Black "Hakobyan, Aram"]
[Result "1/2-1/2"]
[WhiteElo "2617"]
[BlackElo "2582"]
[Annotator "TA"]
[PlyCount "100"]
[EventDate "2020.01.12"]
[EventType "tourn"]
[EventCountry "ARM"]
[SourceTitle "playchess.com"]
[Source "ChessBase"]
[SourceQuality "1"]

{[%evp 9,100,0,38,38,36,29,23,16,17,0,0,-52,-38,-43,-39,-44,0,0,-7,-30,0,-21,0,-15,-20,-11,-13,-20,19,0,19,0,0,0,4,0,42,42,41,39,54,39,58,50,69,63,95,87,112,119,104,86,175,130,168,185,193,196,204,180,184,33,96,45,309,242,255,36,16,0,0,0,0,0,19,0,0,0,0,0,0,0,0,0,0,0,0,0,0,0,0,0,0]} 1. e4 e5 2. Nf3 Nc6 3. Bb5 Nf6 4. d3 Bc5 5. Bg5 (5. c3 O-O 6. O-O d6 7. h3 a6 8. Ba4 b5 9. Bc2 h6 10. Re1 Re8 11. b4 Bb6 12. a4 Bd7 13. Nbd2 Ne7 14. Nf1 a5 15. bxa5 Rxa5 {½-½ (62) Nakamura,H (2736)-Carlsen,M (2872) Moscow 2019}) 5... a6 6. Bxc6 {C65: Ruy Lopez: Berlin Defence (3...Nf6), unusual lines and 4 0-0 Bc5} dxc6 7. Nbd2 $146 ({Predecessor:} 7. Bxf6 Qxf6 8. Nc3 Bg4 9. O-O Bd4 10. Qd2 Bxf3 11. gxf3 Qxf3 12. Ne2 Rd8 13. Nxd4 Rxd4 {1-0 (64) Mukovskiy,P-Hartmann,S Sebnitz 2013}) 7... Be6 8. Qe2 {White has an edge.} Qd6 9. O-O Nd7 10. Bh4 (10. Nc4 $11 Bxc4 11. dxc4) 10... f6 $15 11. Bg3 Ba7 12. c3 c5 13. Nc4 Qc6 14. a4 g5 15. Nfd2 h5 16. Na5 Qd6 {aiming for ...h4.} 17. Ndc4 Qe7 {[#] Hoping for ...h4.} 18. f3 Nf8 19. Bf2 $36 {[%mdl 2048] White has some pressure.} Bc8 20. Be3 Ne6 21. Qf2 Qd7 22. Rfd1 b6 23. Nb3 {[%cal Ba5b3,Bb3c1,Bc1d3][%mdl 32]} Qf7 24. d4 Nf4 25. Qf1 {[%cal Rd4c5]} Be6 26. d5 Bd7 27. Nc1 a5 28. Nd3 Bb8 29. h4 Nxd3 30. Rxd3 Qg7 (30... gxh4 $16 {is a better defense.} 31. f4 Qg7) 31. Qf2 gxh4 32. Qxh4 Qg6 33. b3 Rg8 {[%csl Gg8][%cal Rg6g2] [#]} 34. Rd2 Ba7 35. d6 $2 ({Better is} 35. Rc1 $18) 35... O-O-O $1 $14 36. Rad1 ({White should try} 36. dxc7 $16 Kxc7 37. Rad1) 36... Bb8 $2 {[%mdl 8192]} ({Black should play} 36... c6 $14) 37. Qf2 Be6 38. dxc7 $2 (38. Qe2 $18) 38... Bxc7 39. Rxd8+ {The position is equal.} Rxd8 40. Rxd8+ Kxd8 41. Nd2 f5 42. c4 Kc8 {Strongly threatening ...f4.} 43. Qh4 Bd8 44. Qh2 Bf6 45. Kf1 h4 46. Ke2 Kd7 47. Bf2 Qh6 48. Be3 Qg6 49. Bf2 fxe4 50. Nxe4 Bf5 {Accuracy: White = 51%, Black = 49%.} 1/2-1/2

[Event "80th ARM-ch 2020"]
[Site "Yerevan"]
[Date "2020.01.16"]
[Round "5.4"]
[White "Sargsyan, Shant"]
[Black "Andriasian, Zaven"]
[Result "1/2-1/2"]
[WhiteElo "2601"]
[BlackElo "2611"]
[Annotator "TA"]
[PlyCount "45"]
[EventDate "2020.01.12"]
[EventType "tourn"]
[EventCountry "ARM"]
[SourceTitle "playchess.com"]
[Source "ChessBase"]
[SourceQuality "1"]

{[%evp 15,45,29,18,37,24,2,10,0,0,0,0,0,0,-12,4,0,0,-3,8,4,15,0,45,42,28,40,32,36,51,0,0,0]} 1. c4 e5 2. g3 Nc6 3. Bg2 Nf6 4. Nf3 d5 5. cxd5 Nxd5 6. O-O Be7 7. d4 e4 8. Ne5 f5 9. Nxc6 {A20: English Opening: 1...e5} bxc6 10. Nc3 (10. Qc2 Qd7 11. Nc3 O-O 12. Nxd5 cxd5 13. Bf4 c6 14. Rfc1 Bb7 15. e3 a5 16. h4 Rfc8 {½-½ (35) Topalov,V (2749)-Karjakin,S (2781) Paris 2017}) 10... Be6 11. f3 exf3 12. Bxf3 O-O 13. Qa4 Nb6 {[#]} 14. Qd1 $146 ({Predecessor:} 14. Qxc6 Bd7 {½-½ (14) Gulko,B (2622)-Harikrishna,P (2514) Wijk aan Zee 2001}) 14... Nd5 15. Bd2 Rb8 16. Qc1 Nxc3 17. Qxc3 Bd5 18. Rac1 Bf6 19. e3 Bxf3 20. Rxf3 Qd5 21. Rf2 Qxa2 22. b4 (22. Rxf5 $14 Qxb2 23. Rc5) 22... Be7 $11 23. Qxc6 {Accuracy: White = 52%, Black = 53%.} 1/2-1/2

[Event "80th ARM-ch 2020"]
[Site "Yerevan"]
[Date "2020.01.16"]
[Round "5.5"]
[White "Mikaelyan, Arman"]
[Black "Martirosyan, Haik M."]
[Result "0-1"]
[WhiteElo "2476"]
[BlackElo "2613"]
[Annotator "TA"]
[PlyCount "91"]
[EventDate "2020.01.12"]
[EventType "tourn"]
[EventCountry "ARM"]
[SourceTitle "playchess.com"]
[Source "ChessBase"]
[SourceQuality "1"]

{[%evp 12,91,0,-19,3,0,13,0,15,0,0,5,7,0,0,-60,0,-18,11,-2,-18,-17,0,-90,-52,-111,-117,-104,-82,-180,-168,-165,-152,-180,-102,-117,-93,-86,-82,-73,-93,-186,-178,-185,-191,-174,-143,-136,-135,-273,-270,-356,-356,-327,-320,-396,-343,-376,-365,-339,-320,-592,-436,-421,-407,-29983,-29984,-29982,-29983,-29986,-29987,-29984,-29985,-29985,-29986,-29983,-29986,-29990,-29991,-29991,-29992,-29994]} 1. d4 Nf6 2. Bg5 c5 3. Bxf6 gxf6 4. d5 Qb6 5. Qc1 f5 6. g3 Bg7 7. c3 $1 Na6 {A45: Trompowsky Attack} (7... Qf6 8. e3 Na6 9. Ne2 Nc7 10. Nf4 Bh6 11. c4 d6 12. Nc3 Bd7 13. Be2 a6 14. a4 b6 15. Nh5 {½-½ (66) Van Wely,L (2692)-Giri,A (2714) Wijk aan Zee 2012}) 8. Bg2 Nc7 9. Nd2 Qf6 {The position is equal.} 10. Nh3 h5 11. Nf4 $146 ({Predecessor:} 11. O-O d6 12. a4 h4 13. Re1 hxg3 14. hxg3 Nxd5 15. Bxd5 Rxh3 {0-1 (31) Budrewicz,K (2190)-Kanarek,M (2530) Darlowo 2017}) 11... h4 12. Qc2 d6 13. O-O-O (13. a4 $11) 13... Bd7 ({Better is} 13... b5 $15) 14. Bf3 Qh6 15. Kb1 b5 16. e4 b4 {aiming for ...bxc3.} 17. cxb4 (17. c4 $11) 17... Rb8 18. Nh5 ({Wrong is} 18. exf5 $2 Rxb4 19. Nd3 Bxf5 $19) (18. e5 $1 $15 dxe5 19. Nh5) 18... Rxb4 $17 19. Nxg7+ Qxg7 20. Be2 (20. a3 $17 Rb8 21. Ka2) 20... fxe4 $19 21. Nxe4 Bf5 22. f3 Qe5 (22... hxg3 $19 23. a3 Rb6 24. hxg3 Rxh1 25. Rxh1 Nxd5) 23. Bd3 $17 Bxe4 $40 {[%mdl 128] White is in trouble.} 24. fxe4 {[#]} Nb5 $1 {[%cal Rb5a3]} 25. Bxb5+ Rxb5 26. a3 (26. Rhe1 $17) 26... Kd7 {And now ...Rhb8 would win.} 27. Ka2 Rhb8 {[%cal Rb5b2]} 28. Rb1 hxg3 29. hxg3 f5 30. Rh2 (30. Rh5 $17) 30... fxe4 $19 31. Qd1 Qxg3 32. Qh5 Qf3 33. Qg5 e3 {Strongly threatening ...e2.} 34. Rh7 Qe4 35. Rh4 Qd3 {( -> ...Qb3+)} ({Don't do} 35... Qc2 36. Qg4+ Kc7 37. Qg7 $19) 36. b4 $2 (36. Qg4+ {keeps fighting.} Kd8 37. Qe4 Qxe4 38. Rxe4) 36... cxb4 {[%csl Gb4][%cal Rd3a3]} 37. Qg4+ {[#]} Kc7 $1 {[%csl Gb4][%cal Rd3a3]} 38. Rc1+ (38. Qc4+ $19 Qxc4+ 39. Rxc4+ Kd8 40. Rh1) 38... Rc5 {Black mates.} 39. Rxc5+ dxc5 {[%mdl 4096] Endgame KQR-KQR} 40. Qf4+ {[#]} Kb7 $1 41. axb4 Qc2+ 42. Ka3 Qc3+ 43. Ka2 e2 44. Qh6 Rc8 45. Qe6 e1=Q {[%csl Gc3][%cal Re1a1]} 46. Qd7+ {Accuracy: White = 38%, Black = 72%.} 0-1

[Event "80th ARM-ch 2020"]
[Site "Yerevan"]
[Date "2020.01.17"]
[Round "6.1"]
[White "Gabuzyan, Hovhannes"]
[Black "Sargsyan, Shant"]
[Result "1/2-1/2"]
[WhiteElo "2585"]
[BlackElo "2601"]
[Annotator "TA"]
[PlyCount "212"]
[EventDate "2020.01.12"]
[EventType "tourn"]
[EventCountry "ARM"]
[SourceTitle "playchess.com"]
[Source "ChessBase"]
[SourceQuality "1"]

{[%evp 11,212,-18,-11,-12,-22,-33,-29,-68,-65,-68,-73,-66,-65,-84,-34,-43,-29,-35,-28,-49,-42,-46,-30,-39,-33,-40,-14,-8,-11,-15,-15,-12,-13,-7,0,0,9,11,22,-28,-18,-36,-24,-42,-14,-43,-27,-29,-25,-42,0,0,0,-7,0,0,3,6,57,59,47,-39,-27,-10,-29,-23,-12,-25,0,0,0,0,88,93,75,39,45,0,0,0,0,0,0,0,0,0,0,0,0,0,0,0,0,-86,-95,-132,-129,-189,-182,-189,-135,-171,-170,-169,-165,-164,-89,-77,-77,-77,-77,-84,-84,-84,-84,-389,-389,-843,-943,-639,-617,-29954,-29955,-29954,-29956,-29956,-29958,-29953,-29958,-29958,-29959,-29958,-29950,-29950,-29957,-29949,-29946,-29936,-12849,-29966,-29937,-29967,-12850,-12844,-12667,-7018,-3700,-29966,-29964,-29976,-8,-8,-8,-8,0,-8,-8,-8,-7,-8,-8,-8,-8,-232,0,-8,0,-29973,0,0,0,0,0,0,0,0,0,0,0,0,0,0,0,0,0,0,0,0,0,0,0,0,0,0,0,0,0,0,0,-8,0,-8,0]} 1. Nf3 d5 2. c4 d4 3. g3 Nc6 4. Bg2 e5 5. d3 Bb4+ 6. Bd2 a5 7. O-O {A09: Réti Opening: 1 Nf3 d5 2 c4} Nf6 8. Bg5 (8. a3 Be7 9. Bg5 O-O 10. Nbd2 a4 11. Ne1 h6 12. Bxf6 Bxf6 13. Nc2 Be7 14. b4 axb3 15. Nxb3 Na5 16. Nd2 Be6 17. Rb1 {0-1 (94) Maghsoodloo,P (2666)-Bosiocic,M (2618) Bandar e Anzali 2019}) 8... O-O 9. Na3 {Black has an edge.} h6 10. Bxf6 Qxf6 (10... gxf6 $6 11. Nc2 $11) 11. Nc2 Bc5 12. Nd2 Re8 13. a3 Bf8 14. b3 Bg4 15. h3 Bh5 $146 ({Predecessor:} 15... Bf5) 16. Rb1 Nd8 17. b4 axb4 18. axb4 Ra2 19. Re1 Qa6 20. Qc1 Qa4 21. Rb2 Rxb2 22. Qxb2 Qd7 23. c5 b6 24. cxb6 cxb6 25. e3 dxe3 26. Rxe3 f6 27. d4 Nc6 {[%cal Rc6d4]} 28. d5 Ne7 29. Ra3 Bf7 (29... Nxd5 $2 30. Rd3 $18) 30. Ne3 Rd8 ({Don't go for} 30... Nxd5 $2 31. Bxd5 Bxd5 32. Rd3 $18) 31. Ndc4 Nc8 32. h4 Qc7 33. Rc3 Qa7 34. Bh3 Ne7 (34... Qb8 $11) 35. d6 $1 $14 Nc6 $1 {[%cal Rc6d4]} 36. Nd2 (36. Ra3 $14 Qb7 37. Bg2) 36... Nd4 $15 37. Rc7 Qa4 38. d7 Ne6 ({Don't blunder} 38... Bxb4 $2 39. Rc8 $18) 39. Rb7 Qc6 40. Bg2 Qb5 41. Ndc4 Rxd7 (41... Qxb4 $11 42. Qxb4 Bxb4) 42. Rxb6 $16 Qa4 43. Bc6 {[%mdl 64] Double Attack} Qa7 $1 44. Bxd7 Qxd7 45. Qa1 {And now Rb8 would win.} Nd4 46. Qa8 {Rb8 is the strong threat.} Qh3 {[%cal Rd4e2]} 47. Qg2 Qc8 48. Nd2 Qd8 49. Ndc4 Qc8 $1 50. Na5 f5 51. Nc6 Qc7 $36 {[%mdl 2048] Black is more active.} 52. Ra6 (52. Nd5 $11 {keeps the balance.} Qd7 53. Nxe5 Qxd5 54. Qxd5 Bxd5 55. Ng6) 52... Qb7 $1 $17 {[%csl LRa6,LRb4][%mdl 64] Double Attack} 53. Nxd4 Qxa6 54. Ndxf5 (54. Nc6 $17) 54... g6 $19 ({Stronger than} 54... Bxb4 55. Qe4 $11) 55. Qe4 Qa1+ (55... gxf5 $19 56. Qxe5 Qe6) 56. Kh2 gxf5 57. Qxf5 Qa2 $1 58. Ng4 Bg7 (58... Qe6 $1 $19 {[%cal Re6f5]} 59. Qxe6 Bxe6 60. Nxe5 Bxb4) 59. Qc8+ $17 Kh7 60. Qf5+ Bg6 61. Nf6+ Bxf6 $1 62. Qxf6 h5 $1 63. b5 $2 {[%mdl 8192]} (63. Kg1 $17 {is more resistant.}) 63... Qf7 $1 $19 {[%cal Rf7f6]} 64. Qb6 $2 (64. Qxe5 Qxf2+ 65. Kh1) 64... Be4 $1 {[%cal Re4b7]} 65. Qc5 Bd5 66. b6 Qf3 $1 {[%csl Gd5][%cal Rf3h1]} 67. Qe7+ Kg6 {[%csl Gd5][%cal Rf3h1]} 68. Qe8+ Qf7 69. Qxf7+ Kxf7 {[%mdl 4096] Endgame KB-KP} 70. Kg1 Kf6 71. Kf1 Bf3 72. Ke1 Kf5 73. Kd2 Bb7 74. Ke2 e4 (74... Ke4 $142 75. f3+ Kf5 76. Ke3 Bd5 77. Kf2 Bc6 78. Ke3 Bd5 79. Ke2 e4 80. f4 Ke6 81. Kd2 Bb7 82. Ke2 Kd6 83. Ke3 Kd5 84. Kf2 Kd4 85. Ke1 Ba6 86. Kd2 e3+ 87. Kc2 Ke4 88. Kd1 Kf5 89. Kc2 Kg4 90. Kd1 Kxg3 91. Kc2 e2 92. b7 Bxb7 93. Kd2 Kf2 94. Kd3 e1=Q 95. Kd4 Qe3+ 96. Kc4 Bc6 97. Kb4 Ke1 98. f5 Kd2 99. Ka5 Qc5+ {[%mdl 64] Double Attack} 100. Ka6 Qb5+ 101. Ka7 Qb7#) 75. Kd2 Ke5 76. Ke3 Ba8 (76... Ba6 $142 77. Kd2 Kf6 78. Ke3 Kf5 79. Kd4 Bb7 80. Ke3 Ke5 81. Kd2 Bc6 82. Ke2 Bb5+ 83. Ke1 Ba6 84. Kd1 Ke6 85. Kc2 Kf5 86. Kd2 Kf6 87. Ke1 Ke6 88. Kd2 Kf6) 77. Kd2 Kd4 $1 78. Ke2 Bb7 $1 79. Kd2 Ba6 80. Ke1 Bc8 $2 (80... e3 $1 81. f4 Kc5 82. f5 Kd5 83. Kd1 Ke5 84. f6 Kxf6 85. b7 Bxb7 86. Kc1 Kf5 87. Kc2 Be4+ 88. Kc3 Ke5 89. g4 hxg4 90. h5 g3 91. h6 g2 92. Kb3 g1=Q 93. h7 Bxh7 94. Kc4 Qb1 95. Kc5 Bd3 96. Kc6 Qb5+ 97. Kc7 Bf5 98. Kd8 Qd7#) 81. Kd2 $11 Bb7 {White must now prevent ...Ba6.} 82. Ke2 Kd5 83. Ke3 Ke5 {Threatens to win with ...Ba6.} 84. Ke2 Bc6 85. Ke3 Bd5 86. Ke2 Kd4 87. Kd2 $2 {[#]} (87. Kf1 $11 {and White is okay.}) 87... Bb7 $2 (87... e3+ $1 $19 88. fxe3+ Ke5) 88. Ke2 Ba6+ $2 {[%mdl 8192]} (88... Bc6 $11) 89. Ke1 $1 {[#] White hopes to continue with Kd2.} Ke5 $2 (89... e3 $1 {mates} 90. f3 Kc5 91. Kd1 Kxb6 92. Ke1 Kc5 93. g4 hxg4 94. fxg4 Bc8 95. g5 Kd4 96. g6 Kd3 97. g7 Be6 98. Kd1 Bb3+ 99. Ke1 e2 100. h5 Bg8 101. h6 Bh7 102. g8=B Bxg8 103. h7 Bxh7 104. Kf2 Kd2 105. Kg3 e1=Q+ 106. Kf4 Qe3+ 107. Kg4 Be4 108. Kh4 Qf4+ 109. Kh3 Qg5 110. Kh2 Qg2#) 90. Kd2 {The position is equal.} Kf5 {Strongly threatening ...Ke6.} 91. Ke3 $1 Bb7 (91... Ke5 $2 92. Kd2 $19) 92. Ke2 Kg4 93. Ke3 Ba8 94. Ke2 $1 Bc6 95. Ke3 Bd5 96. Ke2 Ba8 97. Ke3 Bb7 98. Ke2 $1 Bc6 99. Ke3 Kf5 100. Ke2 Ke6 101. Ke3 Ke5 102. Ke2 Bd5 103. Ke3 Ba8 104. Ke2 Kd4 105. Kd2 Bb7 106. Ke2 Ba6+ {Accuracy: White = 63%, Black = 61%.} 1/2-1/2